Fake Bands Quiz Stats

 Plays Quiz not verified by Sporcle

Challenge
Share
Tweet
Embed
Score 0/16 Timer 03:00
0 Plays Today
% Correct
Back to the Future
85.2%
Saved by the Bell
81.5%
The Muppet Movie
79.6%
Full House
77.8%
O Brother Where Art Thou
75.9%
That Thing You Do
72.2%
The Office
72.2%
Bill & Ted's Excellent Adventure
68.5%
% Correct
The Simpsons
66.7%
Coming to America
64.8%
Almost Famous
61.1%
A Mighty Wind
59.3%
Wayne's World
57.4%
Rock Star
55.6%
The Brady Bunch
51.9%
Friends
31.5%

You're not logged in!

Compare scores with friends on all Sporcle quizzes.
Join for Free
OR
Log In

You Might Also Like...

Show Comments

Extras

Created Oct 22, 2015ReportNominate
Tags:Bands Quiz

Top Quizzes Today


Score Distribution

Your Account Isn't Verified!

In order to create a playlist on Sporcle, you need to verify the email address you used during registration. Go to your Sporcle Settings to finish the process.

Report this User

Report this user for behavior that violates our Community Guidelines.

Details: